[Event "Hamburg-chT Landesliga 1415"]
[Site "Hamburg"]
[Date "2015.04.19"]
[Round "9.2"]
[White "Hawellek, Jeronimo"]
[Black "Wiltafsky, Thomas"]
[Result "1-0"]
[WhiteElo "2305"]
[BlackElo "2117"]
[PlyCount "59"]
[EventDate "2014.09.21"]
[EventType "team-tourn"]
[EventRounds "9"]
[EventCountry "GER"]
[SourceTitle "EXT 2022"]
[Source "ChessBase"]
[SourceDate "2021.10.06"]
[SourceVersion "1"]
[SourceVersionDate "2021.10.06"]
[SourceQuality "1"]
[WhiteTeam "Marmstorf"]
[BlackTeam "Hamburg Koenigsspringer III"]
[WhiteTeamCountry "GER"]
[BlackTeamCountry "GER"]

1. d4 Nf6 2. c4 g6 3. Nc3 d5 4. Nf3 Bg7 5. Qb3 dxc4 6. Qxc4 0-0 7. e4 Nc6 8. Be2 Bg4 9. d5 Na5 10. Qa4 Bxf3 11. gxf3 c6 12. dxc6 Nxc6 13. Be3 a6 14. Rd1 Qc7 15. Qb3 b5 16. a4 Na5 17. Qb4 Nc4 18. Bc1 Rfc8 19. axb5 axb5 20. Nxb5 Qa5 21. Qxa5 Nxa5 22. Nc3 Nb3 23. Be3 Na1 24. Bd3 Nd7 25. 0-0 Ne5 26. Nd5 Rcb8 27. Nxe7+ Kf8 28. Bc5 Nxd3 29. Rxd3 Rb5 30. Nc8+ 1-0

[Event "Hamburg-chT Landesliga 1213"]
[Site "Hamburg"]
[Date "2013.04.14"]
[Round "9.2"]
[White "Wiltafsky, Thomas"]
[Black "Schulenburg, Torben"]
[Result "1/2-1/2"]
[WhiteElo "2163"]
[BlackElo "2086"]
[PlyCount "64"]
[EventDate "2012.10.14"]
[EventType "team-tourn"]
[EventRounds "9"]
[EventCountry "GER"]
[SourceTitle "EXT 2022"]
[Source "ChessBase"]
[SourceDate "2021.10.06"]
[SourceVersion "1"]
[SourceVersionDate "2021.10.06"]
[SourceQuality "1"]
[WhiteTeam "Hamburg Koenigsspringer II"]
[BlackTeam "Hamburg Diogenes II"]
[WhiteTeamCountry "GER"]
[BlackTeamCountry "GER"]

1. Nf3 Nf6 2. c4 g6 3. g3 Bg7 4. Bg2 0-0 5. Nc3 d5 6. cxd5 Nxd5 7. d4 Nb6 8. 0-0 Nc6 9. d5 Na5 10. Qc2 c6 11. dxc6 Nxc6 12. Rd1 Bd7 13. Be3 Nc4 14. Bc5 b6 15. Nd4 Nxd4 16. Bxd4 Rc8 17. Bxg7 Kxg7 18. b3 Nd6 19. Qb2 Kg8 20. Rd2 Bc6 21. Rad1 Bxg2 22. Kxg2 Qd7 23. Rxd6 exd6 24. Nd5 f5 25. Nf6+ Rxf6 26. Qxf6 d5 27. Rd2 Rd8 28. e3 Re8 29. Qd4 Rd8 30. Qf6 Re8 31. Qd4 Rd8 32. Qf6 Re8 1/2-1/2

[Event "Oberliga Nord N 0506"]
[Site "Germany"]
[Date "2006.01.29"]
[Round "6.4"]
[White "Rabeler, Gert"]
[Black "Wiltafsky, Thomas"]
[Result "1-0"]
[WhiteElo "2267"]
[BlackElo "2232"]
[PlyCount "65"]
[EventDate "2005.10.23"]
[EventType "team-tourn"]
[EventRounds "9"]
[EventCountry "GER"]
[SourceTitle "EXT 2007"]
[Source "ChessBase"]
[SourceDate "2006.11.23"]
[SourceVersion "1"]
[SourceVersionDate "2006.11.23"]
[SourceQuality "1"]
[WhiteTeam "Pinneberg"]
[BlackTeam "Hamburg Koenigsspringer"]
[WhiteTeamCountry "GER"]
[BlackTeamCountry "GER"]

1. g3 Nf6 2. Bg2 d5 3. d3 g6 4. c4 Bg7 5. cxd5 Nxd5 6. Nf3 0-0 7. 0-0 c5 8. Nc3 Nc6 9. Nxd5 Qxd5 10. Be3 Qh5 11. Rc1 b6 12. Ng5 Nd4 13. Bxd4 Bxd4 14. Bxa8 Qxg5 15. Qc2 h5 16. e3 Bg4 17. Bg2 Bf6 18. f4 Qf5 19. Be4 Qd7 20. b3 Kg7 21. Kh1 Rh8 22. Rg1 Rd8 23. Rcf1 Rh8 24. Rf2 Rd8 25. a3 Rc8 26. Qb1 Bh3 27. Rc2 e6 28. b4 Qa4 29. bxc5 bxc5 30. Qc1 Be7 31. Rc4 Qd7 32. d4 e5 33. dxc5 1-0

[Event "BL2-Nord 0405"]
[Site "Germany"]
[Date "2004.11.14"]
[Round "2.8"]
[White "Mattick, Lutz"]
[Black "Wiltafsky, Thomas"]
[Result "1-0"]
[WhiteElo "2270"]
[BlackElo "2220"]
[PlyCount "73"]
[EventDate "2004.10.24"]
[EventType "team-tourn"]
[EventRounds "9"]
[EventCountry "GER"]
[SourceTitle "EXT 2007"]
[Source "ChessBase"]
[SourceDate "2006.11.23"]
[SourceVersion "1"]
[SourceVersionDate "2006.11.23"]
[SourceQuality "1"]
[WhiteTeam "Kreuzberg II"]
[BlackTeam "Hamburg Koenigsspringer"]
[WhiteTeamCountry "GER"]
[BlackTeamCountry "GER"]

1. d4 Nf6 2. Nf3 g6 3. c4 Bg7 4. Nc3 0-0 5. Bg5 d6 6. e3 c6 7. Be2 Nbd7 8. Qc2 a6 9. h3 Qc7 10. 0-0 e5 11. dxe5 dxe5 12. b4 a5 13. a3 axb4 14. axb4 Rxa1 15. Rxa1 e4 16. Nd4 Qe5 17. Bf4 Qe7 18. c5 Ne5 19. Ra7 h6 20. Bg3 Rd8 21. Ra8 Ne8 22. Nxe4 Bf5 23. Rxd8 Qxd8 24. Nxf5 gxf5 25. Nd2 Qa8 26. Qxf5 Qa2 27. Nf3 Nxf3+ 28. Bxf3 Qe6 29. Qxe6 fxe6 30. b5 cxb5 31. Bxb7 Bf8 32. c6 Bd6 33. Bxd6 Nxd6 34. c7 b4 35. c8Q+ Nxc8 36. Bxc8 Kf7 37. Ba6 1-0

[Event "BL2-Nord 0405"]
[Site "Germany"]
[Date "2004.10.24"]
[Round "1.8"]
[White "Wiltafsky, Thomas"]
[Black "Stellwagen, Robin"]
[Result "1-0"]
[WhiteElo "2220"]
[BlackElo "2101"]
[PlyCount "81"]
[EventDate "2004.10.24"]
[EventType "team-tourn"]
[EventRounds "9"]
[EventCountry "GER"]
[SourceTitle "EXT 2007"]
[Source "ChessBase"]
[SourceDate "2006.11.23"]
[SourceVersion "1"]
[SourceVersionDate "2006.11.23"]
[SourceQuality "1"]
[WhiteTeam "Hamburg Koenigsspringer"]
[BlackTeam "Hamburger SK II"]
[WhiteTeamCountry "GER"]
[BlackTeamCountry "GER"]

1. Nf3 Nf6 2. c4 g6 3. Nc3 Bg7 4. d4 0-0 5. e4 d6 6. Be2 e5 7. 0-0 Nc6 8. d5 Ne7 9. Nd2 Nd7 10. b4 a5 11. bxa5 Rxa5 12. Nb3 Ra8 13. a4 f5 14. f3 f4 15. a5 g5 16. Ba3 Ng6 17. c5 Nf6 18. cxd6 cxd6 19. Nb5 Ne8 20. Qc2 Rf7 21. Rfc1 Bf8 22. Bf1 h5 23. Qf2 Bd7 24. Bb4 g4 25. Be1 gxf3 26. gxf3 Rg7 27. Kh1 Qg5 28. Nc7 Rc8 29. Ne6 Bxe6 30. dxe6 Rgc7 31. Bh3 Rxc1 32. Rxc1 Rxc1 33. Nxc1 Bh6 34. Ne2 Kh7 35. Bf5 Ng7 36. Bh3 Nf8 37. Qb6 Qe7 38. Nc3 Ngxe6 39. Nd5 Qd8 40. Qxb7+ Bg7 41. Qf7 1-0